| 000 | 00973nam a2200277 i 4500 | ||
|---|---|---|---|
| 001 | bg | ||
| 100 | 1 | _aDELOBEL, Claude. | |
| 245 | 1 | 0 |
_aRelacyjne bazy danych / _cClaude Delobel, Michel Adiba ; z fr. przeł. Monika Bartnicka-Gustowska, Jerzy Gustowski |
| 246 |
_iTyt. oryg.: _aBases de données et systèmes relationnels |
||
| 260 |
_aWarszawa : _bWydawnictwa Naukowo-Techniczne, _c1989. |
||
| 300 |
_a455, [1] s. : _brys., wykr. ; _c24 cm. |
||
| 490 | _aBiblioteka Inżynierii Oprogramowania | ||
| 500 | _aOryg. : "Bases de données et systèmes relationnels" 1983. | ||
| 504 | _aBibliogr. s. 442-451. - Indeks. | ||
| 650 | _aBaza danych | ||
| 655 | _aPodręczniki akademickie | ||
| 700 | _aADIBA, Michael. | ||
| 830 | _aBiblioteka Inżynierii Oprogramowania | ||
| 020 | _a8320410258 | ||
| 040 | _cBPK | ||
| 041 | 1 |
_apl _hfr |
|
| 080 | _a004.652(075.8) | ||
| 920 | _a83-204-1025-8 | ||
| 942 | _cKS | ||
| 008 | s pl f |000 0 pol | ||
| 999 |
_c35854 _d35854 |
||
| 856 |
_uhttp://koha.tu.koszalin.pl/cgi-bin/koha/opac-detail.pl?biblionumber=35854 _yKatalog online BPK |
||